000 00548nam a22002057a 4500
003 OSt
005 20140310181736.0
008 130320t xxu||||| |||| 00| 0 eng d
020 _a0131945319
050 _aGN 316
_b.M433 1993
082 _aTR 306.20
_bM41 1993
245 _aCultural anthropology /
_cCarol R. Ember, Melvin Ember
260 _aNew Jersey :
_bPrentice Hall
_cc1993
300 _a142 p. :
_c24 cm.
520 _a1. Antropology--Study guide
521 _aFaculty
541 _j1
562 _e1
942 _2lcc
_cBK-TR
_kTR
999 _c2570
_d2570